Darubini ya Utunzi: Insha na tungo amilifu (Record no. 1480)

000 -LEADER
fixed length control field 00515nam a22001817a 4500
003 - CONTROL NUMBER IDENTIFIER
control field OSt
005 - DATE AND TIME OF LATEST TRANSACTION
control field 20150204090056.0
008 - FIXED-LENGTH DATA ELEMENTS--GENERAL INFORMATION
fixed length control field 150204b xxu||||| |||| 00| 0 eng d
020 ## - INTERNATIONAL STANDARD BOOK NUMBER
International Standard Book Number 9966471502
050 ## - LIBRARY OF CONGRESS CALL NUMBER
Classification number PL8702.H33 2007
100 ## - MAIN ENTRY--PERSONAL NAME
Personal name Habwe, John
245 ## - TITLE STATEMENT
Title Darubini ya Utunzi: Insha na tungo amilifu
Statement of responsibility, etc John Habwe & Jackton Nyonje
260 ## - PUBLICATION, DISTRIBUTION, ETC. (IMPRINT)
Place of publication, distribution, etc Nairobi
Name of publisher, distributor, etc Phenix Publishers
Date of publication, distribution, etc 2007
300 ## - PHYSICAL DESCRIPTION
Extent i,269p.
650 ## - SUBJECT ADDED ENTRY--TOPICAL TERM
Topical term or geographic name as entry element Swahili language
General subdivision Composition and exercise
700 ## - ADDED ENTRY--PERSONAL NAME
Personal name Nyonje, Jackton.
942 ## - ADDED ENTRY ELEMENTS (KOHA)
Source of classification or shelving scheme
Koha item type Book
Holdings
Withdrawn status Lost status Source of classification or shelving scheme Damaged status Not for loan Home library Current library Shelving location Date acquired Total Checkouts Total Renewals Full call number Barcode Date last seen Date checked out Copy number Price effective from Koha item type
          Riara University Library Riara University Library General stack 04/02/2015 3 3 PL8702.H33 2007 5259/15 25/11/2015 27/10/2015 C.1 04/02/2015 Book

Riara University Library,
P.O. Box 49940-00100,
Nairobi, Kenya.